Une carrière #4 Diego Maradona - Statistiques

Statistiques générales
  • Ce quiz a été pris 216 fois
  • Le résultat moyen est 13 sur 25
Statistiques - réponses
Hint Réponse % Correct
Nationalité Argentine
99%
2008-2010 Argentine
99%
Pied fort Gauche
98%
Année de mort 2020
97%
1984-1992 Naples
97%
1982-1984 FC Barcelone
94%
Nom Complet Diego Armando Maradona
89%
1981-1982 Boca Juniors
78%
1995-1997 Boca Juniors
78%
1986,1987, 1989, 1990 Série A
73%
1986 Coupe du monde
65%
Surnom El Pibe de Oro
50%
1987 Coupe d'Italie
45%
1992-1993 FC Séville
44%
1983 Coupe du roi
43%
1989 Coupe de l'UEFA
30%
1990 Supercoupe d'Italie
29%
1993-1995 Newell's Old Boys
24%
1976-1981 Argentinos Juniors
19%
1981 Championnat Argentin
16%
2019-2020 Gimnasia La Plata
7%
2018-2019 Dorados de Sinaloa
4%
2017-2018 Al-Fujairah
3%
2011-2012 Al-Wasl
3%
1983 Coupe de la Ligue Espagnole
3%
Aucun quiz correspondant
Distribution des résultats
% des personnes avec chaque résultat
Percentile par nombre de réponses
Votre historique - résultats
Vous n’avez pas pris ce quiz